Encounters with Chinese writers (Record no. 131075)
[ view plain ]
| 000 -LEADER | |
|---|---|
| fixed length control field | 01278nam a2200337 a 4500 |
| 082 04 - DEWEY DECIMAL CLASSIFICATION NUMBER | |
| Classification number | 895.1/09/005 |
| 100 1# - MAIN ENTRY--AUTHOR NAME | |
| Personal name | Dillard, Annie. |
| 245 10 - TITLE STATEMENT | |
| Title | Encounters with Chinese writers |
| 250 ## - EDITION STATEMENT | |
| Edition statement | 1st ed. |
| 260 ## - PUBLICATION, DISTRIBUTION, ETC. (IMPRINT) | |
| Place of publication | Middletown, Conn. : |
| Name of publisher | Wesleyan University Press ; |
| Place of publication | Scranton, Pa. : |
| Name of publisher | Distributed by Harper & Row, |
| Year of publication | c1984. |
| 300 ## - PHYSICAL DESCRIPTION | |
| Number of Pages | 106 p. |
| 650 #0 - SUBJECT ADDED ENTRY--TOPICAL TERM | |
| Topical Term | Authors, Chinese |
| 856 40 - ELECTRONIC LOCATION AND ACCESS | |
| Uniform Resource Identifier | http://site.ebrary.com/lib/rucke/Doc?id=10468467 |
No items available.
